000 00291nam a2200121Ia 4500
008 190216s9999||||xx |||||||||||||| ||und||
100 _aSwaminathan L & Shri G Basu
245 0 _aLeactures On Costing
260 _bS Chand & Co
_c1977
300 _a464p
650 _aCommerce
942 _cBK
999 _c5090
_d5090